000 00574nam a2200229Ia 4500
005 20250219050459.0
008 240331s9999 xx 000 0 und d
020 _a041590630X
082 _bRAK
_22011
_a305.4
245 0 _aWomen Making Meaning:
_bNew Feminist Directions in Communication
260 _aLondon;
_aNew York
_bRoutledge
_c1992
300 _ax, 302 p.,
650 _aWomen
650 _aFeminism
650 _aPolitics
650 _aCommunication
650 _aHistory
650 _aGender
650 _aRace
700 _aRakow, L. F
_eedt
942 _cL
999 _c1736
_d1736